Turkey in world politics : an emerging multiregional power

Αποθηκεύτηκε σε:
Λεπτομέρειες βιβλιογραφικής εγγραφής
Άλλοι συγγραφείς: Rubin, Barry M. (Επιμελητής έκδοσης), Kirisci, Kemal, 1954-
Μορφή: Βιβλίο
Γλώσσα:English
Δημοσίευση: Boulder ; : London : Lynne Rienner Publishers, 2001
Θέματα:
Ετικέτες: Προσθήκη ετικέτας
Δεν υπάρχουν, Καταχωρήστε ετικέτα πρώτοι!

MARC

LEADER 00000cam a2200000 i 4500
001 1/86272
008 050923s2001 eng d
020 |a 1-55587-954-3 
035 |l 10080506 
040 |a GR-MY-UA  |b gre  |e aacr 
041 0 |a eng 
082 0 |a 327.561  |2 (22) 
245 1 0 |a Turkey in world politics :  |b an emerging multiregional power /  |c edited by Barry Rubin, Kemal Kirisci 
260 |a Boulder ; :   |a London :   |b Lynne Rienner Publishers,   |c 2001 
300 |a ix, 270 σ.;  |c 22 εκ. 
504 |a Includes bibliographical references and index 
651 0 |a Turkey  |x Foreign relations. 
651 0 |a Turkey  |x Politics and government  |y 20th century. 
700 1 |a Rubin, Barry M.  |4 edt 
700 1 |a Kirisci, Kemal,   |d 1954- 
852 |a INST  |b RHODES  |e 20050923  |h 327.561 TUR  |p 005400022269  |q 005400022269  |t BK  |y 0 
901 |a BIBL4-2005-3 
909 |a Ρ  |b 122506 
970 |a ΣΙΔΕΡΗ  |b ΝΕΚΤΑΡΙΑ  |z 2005/09/23